Three Letter Answers - Statistics

General Stats
  • This quiz has been taken 176 times
  • The average score is 5 of 8
Answer Stats
Question Answer % Correct
Colour of blood Red
99%
Yes in French Oui
84%
Animal from the same species as a gorilla Ape
78%
Abbreviation of Afghanistan Afg
77%
Synonym of happiness Joy
49%
Hello in Portuguese Olá
48%
Name the seventh letter of the Greek alphabet? Eta
32%
What is the currency of Bulgaria? Lev
31%
No matching quizzes found
Score Distribution
Percent of People with Each Score
Percentile by Number Answered
Your Score History
You have not taken this quiz